| 000 | 01325nam a22002657a 4500 | ||
|---|---|---|---|
| 001 | BRCA_9193 | ||
| 003 | FranzMayer | ||
| 005 | 20220809132826.0 | ||
| 008 | 220707b |||||||| |||| 00| 0 spa d | ||
| 020 | _a9788492546473 | ||
| 040 |
_bspa _cMFM |
||
| 041 | 1 |
_aspa _aeng |
|
| 050 |
_aNK2740.604 _bA35 2018 |
||
| 100 |
_aAguiló Alonso, María Paz _d1946- _eautor _928430 |
||
| 245 | 1 | 0 |
_aEscritorios y bargueños españoles = Spanish bargueños and writing chests / _cautor Ma. Paz Aguiló Alonso; traducción María Luisa Ollero |
| 260 |
_aEspaña: _bMinisterio de Economía y Empresa _c2018 |
||
| 300 |
_a91 p. : _bil. col. ; _c21 x 24 cm. |
||
| 500 | _aUbicación: L59-N5 | ||
| 500 | _aIncluye imagen de pieza del Museo Franz Mayer (p. 17) | ||
| 504 | _aBibliografía: p. 90-91 | ||
| 520 | _aLa autora hace una una aproximación a los orígenes y la evolución de los escritorios y bargueños. En su investigación, indaga sobre los materiales utilizados en distintas épocas, las influencias recibidas a lo largo de los siglos y las peculiaridades de las diferentes escuelas, incluyendo las características de los escritorios realizados en la América virreinal. | ||
| 650 |
_aEscritorio _xBargueño _xHistoria _zEspaña _928431 |
||
| 942 |
_2lcc _cB |
||
| 999 |
_c10812 _d10812 |
||